000 00465nam a2200169 a 4500
001 000035852
005 20200930074650.0
008 111115s1959 ag 000 0 spa d
040 _aDO-SdBNP
_bspa
_cBNPHU
082 _axxxx
_bA859s, 1959
100 1 _aAsturias, Miguel Ángel
_938151
245 1 3 _aEl señor presidente /
_cMiguel Ángel Asturias.
250 _a3a ed.
260 _aBuenos Aires :
_bLosada,
_c1959.
300 _a310 p. ;
_c20 cm.
049 _aBNGR
999 _c35343
_d35343